000 00462nam a2200133 a 4500
008 120416s1963 ||||||||||||||||| || u
050 _aHF 5429 Phi
100 _aPhilpott, William J
245 1 0 _aRetail business administration
260 _aLondon
_bPitman
_c1963
300 _axi, 161p.
350 _a0.00
995 _D0.00
_FCBU-MAIN LIBRARY (Kitwe)
_H1
_I3.70
_UAVAILABLE
_ZMain Library Open Access Collection
999 _c56412
_d56412